Tennessee By Picture - Statistics

General Stats
  • This quiz has been taken 14 times
    9 since last reset
  • The average score is 8 of 15
Answer Stats
Picture Answer % Correct
Memphis
100%
Nashville
100%
Elvis Presley
86%
Knoxville
86%
Chattanooga
71%
Beale Street
43%
Grand Ole Opry
43%
Jack Daniels
43%
Parthenon
43%
Smoky Mountain National Park
43%
Country Music Hall of Fame
29%
Sunsphere/Worlds Fair Park
29%
Tennessee Aquarium
29%
Graceland
14%
Johnson City
14%
No matching quizzes found
Score Distribution
Percent of People with Each Score
Percentile by Number Answered
Your Score History
You have not taken this quiz since the last reset